000 00657nam a2200205Ii 4500
003 JO-AjNU
008 230605s9999||||xx |||||||||||||| ||und||
017 _a30375
040 _aJO-AjNU
_bara
_erda
_cJO-AjNU
041 _aara
050 1 4 _aQA76.16 1983
100 3 _aالحاج ، محمود,
_eauthor
_913396
245 0 0 _aبرمجة الحاسبات الالكترونية وتطبيقاتها
264 3 1 _aدمشق :دار دمشق ، 1983
300 _a430ص
336 _atext
_btxt
_2rdacontent
337 _aunmediated
_bn
_2rdamedia
338 _avolume
_bnc
_2rdacarrier
650 4 _aالحاسبات الالكترونية - لغات
_913397
999 _aA3325
_c6893
_d6893